| 000 | 00451nam a2200169 a 4500 | ||
|---|---|---|---|
| 005 | 20240912063825.0 | ||
| 008 | 080424s1980 es r 000 0 spa d | ||
| 035 | _aUPN01000155618 | ||
| 049 | _aCG | ||
| 050 | 4 |
_aPZ8 _bV3.7 |
|
| 100 | 1 |
_aVázquez-Vigo, Carmen, _d1923- _930476 |
|
| 245 | 1 | 3 | _aEl rey que voló / |
| 260 |
_aMadrid : _bAltea, _c1980. |
||
| 300 |
_a28 p. : _bil. col. |
||
| 650 | 4 |
_aCuentos infantiles argentinos _97466 |
|
| 905 | _aLibro | ||
| 999 |
_c127733 _d127733 |
||